Länder, die mit B beginnen - Karten-Quiz - Statistiken

Allgemein
  • Dieses Quiz wurde 456 mal gespielt
  • Das Durchschnittsergebnis liegt bei 15 aus 17
Antworten auf der Karte
Die Antworten werden auf der Karte rot bzw. grün angezeigt, abhängig davon wie oft sie richtig erraten wurden.
 
Antwortstatistiken
Land % Korrekt
Brasilien
100%
Belgien
99%
Bolivien
98%
Belarus
97%
Bulgarien
97%
Bosnien und Herzegowina
96%
Bangladesch
92%
Bahamas
91%
Botswana
89%
Bhutan
88%
Benin
87%
Bahrain
86%
Belize
86%
Burundi
83%
Burkina Faso
82%
Barbados
80%
Brunei
65%
Keine übereinstimmenden Quizze gefunden
Verteilung der Resultate
Anzahl Personen mit jedem Resultat
Perzentil nach korrekt beantworteten Fragen
Ihre Resultats-Entwicklung
Sie haben dieses Quiz noch nicht gespielt